|
|
|
|
| LEADER |
01671nam a2200433 i 4500 |
| 001 |
EBC1719828 |
| 003 |
MiAaPQ |
| 005 |
20200120121926.0 |
| 006 |
m o d | |
| 007 |
cr cnu|||||||| |
| 008 |
200120s2014 enk ob 001 0 eng|d |
| 020 |
|
|
|z 9781780762623
|
| 020 |
|
|
|a 9780857733887
|q (electronic bk.)
|
| 035 |
|
|
|a (MiAaPQ)EBC1719828
|
| 035 |
|
|
|a (Au-PeEL)EBL1719828
|
| 035 |
|
|
|a (OCoLC)882769600
|
| 040 |
|
|
|a MiAaPQ
|b eng
|e rda
|e pn
|c MiAaPQ
|d MiAaPQ
|
| 050 |
|
4 |
|a TX911.2
|b .F56 2014
|
| 082 |
0 |
|
|a 647.95
|2 23
|
| 100 |
1 |
|
|a Finkelstein, Joanne,
|e author.
|
| 245 |
1 |
0 |
|a Fashioning appetite :
|b restaurants and the making of modern identity /
|c Joanne Finkelstein.
|
| 264 |
|
1 |
|a London :
|b I.B. Tauris,
|c 2014.
|
| 300 |
|
|
|a 1 online resource (243 pages)
|
| 336 |
|
|
|a text
|2 rdacontent
|
| 337 |
|
|
|a computer
|2 rdamedia
|
| 338 |
|
|
|a online resource
|2 rdacarrier
|
| 504 |
|
|
|a Includes bibliographical references and index.
|
| 588 |
|
|
|a Description based on online resource; title from PDF title page (ebrary, viewed January 20, 2020).
|
| 590 |
|
|
|a Electronic reproduction. Ann Arbor, MI : ProQuest, 2018. Available via World Wide Web. Access may be limited to ProQuest affiliated libraries.
|
| 650 |
|
0 |
|a Restaurants
|x Social aspects.
|
| 650 |
|
0 |
|a Dinners and dining
|x Social aspects.
|
| 650 |
|
0 |
|a Food
|x Social aspects.
|
| 650 |
|
0 |
|a Appetite
|x Social aspects.
|
| 650 |
|
0 |
|a Identity (Psychology)
|
| 650 |
|
0 |
|a Civilization, Western.
|
| 650 |
|
0 |
|a Civilization, Modern
|y 1950-
|
| 655 |
|
4 |
|a Electronic books.
|
| 797 |
2 |
|
|a ProQuest (Firm)
|
| 856 |
4 |
0 |
|u https://ebookcentral.proquest.com/lib/matrademy/detail.action?docID=1719828
|z Click to View
|